000 00978nam a2200229Ia 4500
001 9659
003 GE_BSU
008 181216s||||||||xx |||||||||||||| ||und||
040 _cGE_BSU
080 _a821.353.1–1+821.353.1-11
100 _aმირცხულავა,ალიო
245 _aთხზულებანი ხუთ ტომად.ტ.2
245 _bლექსები,პოემები
245 _cტომი გამოსაც. მოამზადა ლამარა გვარამაძემ.სარედ.კოლ.გურამ გვერდწითელი და სხვ.ტომის რედ. გრ. ხერხეულიძე.დ. თევზაძე
260 _aთბილისი
260 _bმერანი
260 _c1977
300 _a525გვ.20სმ.
300 _cანბ.საძიებ.გვ.509-516
653 _aთხზულებანი
942 _cBK
999 _c42943
_d42943